| 000 | 00664nam a2200205 a 4500 | ||
|---|---|---|---|
| 001 | 4128 | ||
| 005 | 20140414131937.0 | ||
| 008 | 090209s19uu xx 00 eng d | ||
| 020 | _a0-7368-2176-7 | ||
| 050 |
_aREF 985 _bL33 2004 |
||
| 100 | _aLassieur, Allison | ||
| 245 |
_aPeru / _cby Allison Lassieur. |
||
| 260 |
_aMankato, Minnesota : _bCapstone Press, _cc2004. |
||
| 300 | _a64 p. : col., ill. cm. | ||
| 440 | _aCountries and Cultures | ||
| 500 | _aIncludes bibliographical references and index. | ||
| 520 | _aAn introduction to the geography, history, economy, culture, and people of Peru. | ||
| 650 |
_aPeru _xJuvenile literature. |
||
| 999 |
_c112475 _d112475 |
||